Catálogo
 En Linea

Iván Rodríguez Pilier : (Registro nro. 56160)

Detalles MARC
000 -CABECERA
campo de control de longitud fija 01905nam a2200325 i 4500
003 - IDENTIFICADOR DEL NÚMERO DE CONTROL
campo de control DO-SdBNP
005 - FECHA Y HORA DE LA ÚLTIMA TRANSACCIÓN
campo de control 20240320134830.0
007 - CAMPO FIJO DE DESCRIPCIÓN FÍSICA--INFORMACIÓN GENERAL
campo de control de longitud fija ta
008 - DATOS DE LONGITUD FIJA--INFORMACIÓN GENERAL
campo de control de longitud fija 240320b2023 dr ac||| |||| 00| 0 dr d
020 ## - NÚMERO INTERNACIONAL ESTÁNDAR DEL LIBRO
Número Internacional Estándar del Libro 9789945132182
040 ## - FUENTE DE LA CATALOGACIÓN
Centro catalogador/agencia de origen DO-SdBNP
Lengua de catalogación spa
Centro/agencia transcriptor BNPHU
Normas de descripción rda
082 #4 - NÚMERO DE LA CLASIFICACIÓN DECIMAL DEWEY
Número de edición 22
100 ## - ENTRADA PRINCIPAL--NOMBRE DE PERSONA
Nombre de persona Rodríguez Pilier, Iván,
9 (RLIN) 81775
Fechas asociadas al nombre 1938-
Término indicativo de función/relación autor
245 10 - MENCIÓN DE TÍTULO
Título Iván Rodríguez Pilier :
Resto del título testimonios de una vida dedicada a la revolución /
Mención de responsabilidad, etc. Iván Rodríguez Pilier ; cuidado de edición, Julio Díaz Campusano, Alfonso Tprres Ulloa, Manuel Salazar ; transcripción
264 ## - PRODUCCIÓN, PUBLICACIÓN, DISTRIBUCIÓN, FABRICACIÓN Y COPYRIGHT
Producción, publicación, distribución, fabricación y copyright Santo Domingo :
Nombre del de productor, editor, distribuidor, fabricante Archivo General de la Nación,
Fecha de producción, publicación, distribución, fabricación o copyright 2023.
300 ## - DESCRIPCIÓN FÍSICA
Extensión 288 páginas :
Otras características físicas ilustraciones, retratos ;
Dimensiones 23 cm.
336 ## - TIPO DE CONTENIDO
Fuente rdacontent
Término de tipo de contenido texto
Código de tipo de contenido txt
337 ## - TIPO DE MEDIO
Fuente rdamedia
Nombre/término del tipo de medio sin mediación
Código del tipo de medio n
338 ## - TIPO DE SOPORTE
Fuente rdacarrier
Nombre/término del tipo de soporte volumen
Código del tipo de soporte nc
500 ## - NOTA GENERAL
Nota general Incluye datos biográficos del autor en las solapas
505 ## - NOTA DE CONTENIDO CON FORMATO
Nota de contenido con formato Dedicatoria--
Título Agradecimientos --
-- Reconocimientos--
-- Presentación /
Mención de responsabilidad Fulgencio Severino--
Título Preludio/
Mención de responsabilidad Manuel Salazar--
Título Iván Rodríguez. Experiencias social, política, familiar/
-- El 14 de Junio y la guerrilla del 1963--
-- el 1J4. Revolución cubana de 1959, influencia--
-- el1J4. Muerte de Manolo. viaje a China--
-- Prisión. Libertad. Represión Balaguerista. La UPA--
-- Estallido del Bloque Soviético."Socialismo Real"--
-- El 1J4. Linea Roja. UPA--
-- Defensa de la Revolución Cubana. Instituto Amistad con los Pueblos. Escuela Hermanas Mirabal--
-- Regreso de China. Ruptura Movimiento 14 de Junio.
590 ## - NOTA LOCAL (RLIN)
Nota local Inventariado, 2024/BT
590 ## - NOTA LOCAL (RLIN)
Nota local La biblioteca posee 3 ejemplares autográfiado por el autor
700 1# - PUNTO DE ACCESO ADICIONAL--NOMBRE DE PERSONA
Nombre de persona Díaz Campusano, Julio,
Término indicativo de función/relación cuidado de edición
9 (RLIN) 85076
700 1# - PUNTO DE ACCESO ADICIONAL--NOMBRE DE PERSONA
Nombre de persona Torres Ulloa, Alfonso,
Término indicativo de función/relación cuidado de edición
9 (RLIN) 58620
700 1# - PUNTO DE ACCESO ADICIONAL--NOMBRE DE PERSONA
Nombre de persona Salazar, Manuel,
Término indicativo de función/relación cuidado de edición
9 (RLIN) 2454
700 1# - PUNTO DE ACCESO ADICIONAL--NOMBRE DE PERSONA
Nombre de persona Arias, Manuel,
Término indicativo de función/relación transcripción
9 (RLIN) 85077
910 ## - DATOS DE OPCIÓN DEL USUARIO (OCLC)
Datos de opción del usuario Btavárez
942 ## - ELEMENTOS DE PUNTO DE ACCESO ADICIONAL (KOHA)
Fuente del sistema de clasificación o colocación Dewey Decimal Classification
Tipo de ítem Koha Libro
Existencias
Estado de retiro Estado de pérdida Fuente del sistema de clasificación o colocación Restricciones de uso No para préstamo Código de colección Localización permanente Ubicación/localización actual Ubicación en estantería Fecha de adquisición Fuente de adquisición Total de préstamos Signatura topográfica completa Código de barras Fecha visto por última vez Precio válido a partir de Tipo de ítem Koha Nota pública Número de copia
    Dewey Decimal Classification Excluido de préstamo   Patrimonio Dominicano Biblioteca Nacional Pedro Henríquez Ureña Biblioteca Nacional Pedro Henríquez Ureña En catalogación 20.03.2024 Deposito legal   BNPHU PD 2024-1604 20.03.2024 20.03.2024 Libro Dedicado.  
    Dewey Decimal Classification Excluido de préstamo   Patrimonio Dominicano Biblioteca Nacional Pedro Henríquez Ureña Biblioteca Nacional Pedro Henríquez Ureña En catalogación 20.03.2024 Deposito legal   BNPHU PD 2024-1605 20.03.2024 20.03.2024 Libro Dedicado. e.2
    Dewey Decimal Classification Préstamo en sala   Dominicana de Servicio Biblioteca Nacional Pedro Henríquez Ureña Biblioteca Nacional Pedro Henríquez Ureña En catalogación 20.03.2024 Deposito legal   BNPHU DS 2024-1606 20.03.2024 20.03.2024 Libro Dedicado. e.3

Con tecnología Koha